header

Business fluctuations and long-phased cycles in high order macrosystems (Record no. 57316)

MARC details
000 -LEADER
fixed length control field 01301nam a2200325 a 4500
082 04 - DEWEY DECIMAL CLASSIFICATION NUMBER
Classification number 338.5/42015195
245 00 - TITLE STATEMENT
Title Business fluctuations and long-phased cycles in high order macrosystems
260 ## - PUBLICATION, DISTRIBUTION, ETC. (IMPRINT)
Place of publication New York :
Name of publisher Nova Science Publishers,
Year of publication c2009.
300 ## - PHYSICAL DESCRIPTION
Number of Pages viii, 97 p. :
Other physical details ill.
650 #0 - SUBJECT ADDED ENTRY--TOPICAL TERM
Topical Term Business cycles
Topical Term Equilibrium (Economics)
700 1# - ADDED ENTRY--PERSONAL NAME
Personal name Chiarella, Carl.
856 40 - ELECTRONIC LOCATION AND ACCESS
Uniform Resource Identifier http://site.ebrary.com/lib/rucke/Doc?id=10674914

No items available.

© 2026 Rongo University
Contact us: librarian | system librarian | Rongo university